00289nam a2200121Ia 4500008004100000100001700041245001700058260003300075300000900108650002600117942000700143999001700150190216s9999||||xx |||||||||||||| ||und|| aGeorge Eliot 0aSilas Marner bUniversity Of Calicutc1992 a140p aEnglish Short Stories cBK c13624d13624